000 01068namaa22003251i 4500
003 EG-GICUC
005 20260423133700.0
008 260421s2007 uc a|||jr|||| 001 0 eng d
020 _a9781590597828
020 _a1590597826
040 _aEG-GiCUC
_beng
_cEG-GiCUC
_dEG-GiCUC
_erda
082 0 4 _221
_a005.2768
_bM1457
092 0 4 _221
_a005.2768
_bM1457
099 _a005.2768 M1457
100 1 _aMacDonald, Matthew
_eمؤلف.
245 1 0 _aWindows presentation foundation in .NET 3.0 /
_cMatthew MacDonald
250 _a1st Anchor Books ed.
264 _aNew York :
_bSpringer
_c2007,
300 _a980 pages
_b ؛ Illustrations
_c24 سم
336 _2rdacontent
_atext
337 _2rdamedia
_aUnmediated
338 _2rdacarrier
_avolume
504 _aBibliography: pages 933-980.
541 _aوزارة الثقافة ؛
_bالقاهرة ؛
_cإهداء ؛
_d2023.
650 1 0 _aUser interfaces
_vComputer systems
700 1 _aEwan Buckingham
_eReviewer.
700 1 _aChristope Nasarre
_eReviewer.
905 _aSamah
942 _2ddc
_cBK
_e21
_n0
999 _c179652
_d179652